|
|
|
|
| LEADER |
01054cam a2200265 7i4500 |
| 001 |
0000124376 |
| 005 |
20230918090000.0 |
| 008 |
230918s2015 mdu# ### #00001eng## |
| 020 |
# |
# |
|a 9781421416014
|
| 020 |
# |
# |
|a 1421416018
|
| 040 |
# |
# |
|a UMT
|b eng
|c UMT
|d Ohiolink
|e rda
|
| 090 |
0 |
0 |
|a RA 424 .R65
|b R6 2015
|
| 100 |
1 |
# |
|a Rosen, George,
|d 1910-1977
|e author
|
| 245 |
1 |
2 |
|a A history of public health
|c George Rosen ; foreword by Pascal James Imperato ; introduction by Elizabeth Fee ; biographical essay and new bibliography by Edward T. Morman.
|
| 264 |
# |
1 |
|a Baltimore (Md.):
|b Johns Hopkins University Press,
|c 2015
|
| 300 |
# |
# |
|a xviii, 370 pages;
|c 23 cm
|
| 336 |
# |
# |
|a text --
|2 rdacontent
|
| 337 |
# |
# |
|a unmediated --
|2 rdamedia
|
| 338 |
# |
# |
|a volume --
|2 rdacarrier
|
| 504 |
# |
# |
|a Includes bibliographical references and index
|
| 590 |
# |
# |
|a Perpustakaan Sultanah Nur Zahirah
|
| 600 |
1 |
0 |
|a Rosen, George,
|d 1910-1977
|
| 650 |
0 |
0 |
|a Public health --
|x History
|
| 700 |
1 |
# |
|a Imperato, Pascal James
|
| 999 |
|
|
|a 1100095840
|b Book
|c Open Shelf
|e KOLEKSI TERBUKA
|